000 00324nam a2200133Ia 4500
008 220216s9999 xx 000 0 und d
100 _aBuchan S
245 0 _aStudy of the rubber -metal bond
260 _bIRI Transactions
_c1945
300 _a266-278
650 _aRubber-metal bond
700 _aShanks J R
942 _cJS
999 _c69816
_d69816